| 000 | 01605cab a2200469 4500 | ||
|---|---|---|---|
| 001 | ABS58979 | ||
| 008 | 090401t1998 xxu||||| |||| 00| 0 eng d | ||
| 035 | _a(Sirsi) u87777 | ||
| 041 | _aeng | ||
| 100 | _aWignall, G. | ||
| 245 | _aHandling claims arising out of building and demolition works | ||
| 260 | _c1998 | ||
| 350 | _a0 | ||
| 490 |
_aSolicitors` Journal _v142(28) 17 July 1998, 674-675(2) |
||
| 520 | _aConsiders the rights and liabilities of the parties relating to claims arising out of building and demolition works. Looks at relevant case law and environmental legislation. | ||
| 650 | _aBLACK V CHRISTCHURCH FINANCE CO | ||
| 650 | _aBUILDING WORKS | ||
| 650 | _aCITY OF LONDON CORPORATION V BOVIS CONSTRUCTION LTD | ||
| 650 | _aCLAIMS | ||
| 650 | _aCONTROL OF POLLUTION ACT 1974 S60 | ||
| 650 | _aCONTROL OF POLLUTION ACT 1974 S61 | ||
| 650 | _aDEMOLITION | ||
| 650 | _aENCROACHMENT | ||
| 650 | _aENVIRONMENTAL PROTECTION ACT 1990 | ||
| 650 | _aHARRISON V SOUTHWARK AND VAUXHALL WATER CO | ||
| 650 | _aHUNTER V CANARY WHARF | ||
| 650 | _aINTANGIBLE INTERFERENCE | ||
| 650 | _aKELSEN V IMPERIAL TOBACCO | ||
| 650 | _aLINGKE V MAYOR OF CHRISTCHURCH | ||
| 650 | _aMATANIA V NAT PROV BANK | ||
| 650 | _aMURDOCH AND ANOTHER V GLACIER METAL CO LTD | ||
| 650 | _aNATIONAL COAL BOARD V THORNE | ||
| 650 | _aNOISE CONTROL | ||
| 650 | _aPHYSICAL DAMAGE | ||
| 650 | _aPRIVATE NUISANCE | ||
| 650 | _aSTATUTORY NUISANCE | ||
| 650 | _aTEMPORARY INCONVENIENCE | ||
| 650 | _aTRESPASS | ||
| 690 | _aBUILT ENVIRONMENT | ||
| 942 | _n0 | ||
| 948 | _c31/07/1998 | ||
| 999 |
_c55384 _d55384 |
||